Normal view
MARC view
Entry Topical Term
001 - CONTROL NUMBER
- control field: 39204
003 - CONTROL NUMBER IDENTIFIER
- control field: ARRUPE
005 - DATE AND TIME OF LATEST TRANSACTION
- control field: 20180214145137.0
008 - FIXED-LENGTH DATA ELEMENTS
- fixed length control field: 180214|| aca||aabn | a|a d
040 ## - CATALOGING SOURCE
- Original cataloging agency: ARRUPE
- Transcribing agency: ARRUPE
150 ## - HEADING--TOPICAL TERM
- Topical term or geographic name as entry element: Namibia
- General subdivision: Description & travel
670 ## - SOURCE DATA FOUND
- Source citation: Work cat.: (ARRUPE)672: Green, Lawrence George 39203, Lords of the last frontier:, 1952